000
00305nam a22001217a 4500
003
SGT
082
_a
200
_b
S07R
100
_a
राय, विवेकी
245
_a
सवालों के सामने
260
_b
अनिल प्रकाशन
_c
2007
300
_a
160
942
_2
ddc
_c
BK
999
_c
31815
_d
31815